Les cent-sours (Record no. 90242)

MARC details
000 -LEADER
campo de control de longitud fija 00631nam a2200181 i 4500
001 - NÚMERO DE CONTROL
campo de control 90242
003 - IDENTIFICADOR DE NÚMERO DE CONTROL
campo de control ES-MaACL
007 - CAMPO FIJO DE DESCRIPCIÓN FÍSICA--INFORMACIÓN GENERAL
campo de control de longitud fija t|
008 - DATOS DE LONGITUD FIJA--INFORMACIÓN GENERAL
campo de control de longitud fija 050119s1924 fr ||||1| fre d
100 1# - ENTRADA PRINCIPAL--NOMBRE DE PERSONA
Nombre de persona Le Gallo, Emile.
9 (RLIN) 70881
245 14 - MENCIÓN DEL TÍTULO
Título Les cent-sours
Resto del título : essai sur l'histoire intérieure de la France depuis le retour de l'ile d'Elbe jusqu'a la nouvelle de Waterloo /
Mención de responsabilidad, etc. par Emile Le Gallo.
260 ## - PUBLICACIÓN, DISTRIBUCIÓN, ETC.
Lugar de publicación, distribución, etc. Paris :
Nombre del editor, distribuidor, etc. Félix Alcan,
Fecha de publicación, distribución, etc. 1924.
300 ## - DESCRIPCIÓN FÍSICA
Extensión 534 p. ;
Dimensiones 23 cm.
490 1# - MENCIÓN DE SERIE
Mención de serie Bibliothèque d'histoire contemporaine
830 0# - PUNTO DE ACCESO ADICIONAL DE SERIE-TÍTULO UNIFORME
Título uniforme Bibliothèque d'histoire contemporaine
9 (RLIN) 180875
852 ## - LOCALIZACIÓN
Ubicación ES-MaACL
Número de control de estantería G-7195
Holdings
Estatus retirado Estado de pérdida Estado de daño No para préstamo Biblioteca de origen Biblioteca actual Ubicación en estantería Fecha de adquisición Fuente de adquisición Total de préstamos Signatura topográfica completa Código de barras Visto por última vez Precio de reemplazo Tipo de ítem Koha
        Biblioteca del Ateneo de Madrid Biblioteca del Ateneo de Madrid Depósito 2 17/01/2008     G-7195 1094236 23/02/2023 23/02/2023 Libro impreso